000 00296nam a2200145Ia 4500
100 _aShekhar
942 _cBK
366 _f20
245 _aManagement Guru Chanakya
260 _bDIAMOND BOOKS
_c2011
082 _a808.83
_bSHE
300 _a159
546 _aMARATHI
_cComputers
999 _c19248
_d19248